Представление документа в формате RUSMARC

ПолеНазваниеЗначение
  Тип записи a
  Библиографический уровень m
001 Контрольный номер RU/SLIB/B/208752216
005 Дата корректировки 20260610143853.1
010 Индекс ISBN __
d Цена 240-00
101 Язык документа 0_
a Язык текста rus
200 Заглавие и сведения об ответственности 1_
a Заглавие Театр и зритель российских столиц, 1895-1917
f Первые сведения об ответственности Петровская И.
b Общее обозначение материала Текст
210 Выходные данные 1_
a Место издания Л.
c Издательство Искусство
d Дата издания 1990
215 Физическое описание __
a Объем 271 с.
606 Тематические рубрики __
a Основная рубрика История театра
a Основная рубрика Музыка и зрелищные искусства
606 Тематические рубрики __
a Основная рубрика Театр в целом
z Хронологическая подрубрика 19 в. кон.; 20 в. нач.
y Географическая подрубрика Россия
610 Ключевые слова 0_
a Ключевые слова драматический театр; зрители; история драматического театра; театральные постановки; спектакли; русский театр; театральное искусство; персоналии; актеры; драматические актеры
686 Индексы других классификаций __
a Классификационный индекс 85.33(2)
700 Автор _1
a Фамилия Петровская
4 Код отношения 070
b Имя И.
801 Источник записи _0
a Страна RU
b Организация Муниципальное бюджетное учреждение культуры "Централизованная библиотечная система" г. Сургут (Центральная городская библиотека им. А. С. Пушкина)
g Правила каталогизации КиК/Уланова
801 Источник записи _1
a Страна RU
b Организация Муниципальное бюджетное учреждение культуры "Централизованная библиотечная система" г. Сургут (Центральная городская библиотека им. А. С. Пушкина)
g Правила каталогизации КиК/Уланова
852 Данные о местонахождении __
j Шифр хранения 85.33(2)
c Каталожный индекс 85.33(2)
i Авторский знак П 30
p Инвентарный номер 50123
901 Тип документа __
t Тип документа m
990 Данные о заказе (DOS) __
j Количество экземпляров (DOS) 1